| 000 | 00890nam2a22002291 4500 | ||
|---|---|---|---|
| 001 | rc\4281287 | ||
| 005 | 20250611145713.0 | ||
| 035 | _a(NLR Aleph) 008246140 | ||
| 090 |
_a8307088 _c8307088 |
||
| 100 | _a20130416d1968 |||y0rusy50 ca | ||
| 101 | 0 | _arus | |
| 102 | _aRU | ||
| 105 | _ay z ||||| | ||
| 200 | 1 | _aЗабота партии о благе народа | |
| 210 |
_aЛенинград _cЛениздат _d1968 |
||
| 461 | 0 |
_1001rc\4281264 _12001#$aБиблиотечка партийного активиста$e[Вып. 1]$vВып. 2. [11] _98306950 _cЛенинград _d1968 _nЛениздат _o[Вып. 1] _p12 т. в обертке _tБиблиотечка партийного активиста _vВып. 2. [11] |
|
| 700 | 1 |
_aСолодовников _bА.Н. |
|
| 801 | 0 |
_aRU _bNLR _gpsbo |
|
| 801 | 1 |
_aRU _bELAR _2rusmarc |
|
| 852 |
_aNLR _j68-4/7941 |
||
| 942 | _cBOOK | ||
| 980 | _aNB | ||